The Lorax Quiz - Statistics

General Stats
  • This quiz has been taken 137 times
  • The average score is 8 of 9
Answer Stats
Hint Answer % Correct
What color is the Lorax? Orange
96%
In the song Let it Grow, who sings the lyrics let it die? Mr. O’Hare
91%
Is this a musical? Yes
89%
What does Audrey like more than anything? Trees
88%
The theme of the Lorax is let it grow, what are they letting grow? Trees
88%
Who is the guy who created the Thneed? The Onceler
86%
Who is the girl Ted likes? Audrey
84%
What is his company called? O’Hare Air
84%
Who is the kid who saves the trees? Ted
84%
No matching quizzes found
Score Distribution
Percent of People with Each Score
Percentile by Number Answered
Your Score History
You have not taken this quiz